|
|
|
|
| LEADER |
01480nam a2200349 a 4500 |
| 001 |
000317143 |
| 003 |
CZ BrMZK |
| 005 |
20080714084459.0 |
| 007 |
ta |
| 008 |
010907s1998 xr f cze d |
| 015 |
|
|
|a cnb000308689
|
| 020 |
|
|
|a 80-7078-545-4
|
| 035 |
|
|
|a (OCoLC)39317879
|
| 040 |
|
|
|a BOA001
|b cze
|
| 080 |
|
|
|a 51(075.8)
|2 MRF
|
| 100 |
1 |
|
|a Vrbenská, Helena
|7 mzk2004219470
|4 aut
|
| 245 |
1 |
0 |
|a Základy matematiky pro bakaláře II /
|c Helena Vrbenská, Jana Bělohlávková
|
| 250 |
|
|
|a 1. vyd.
|
| 260 |
|
|
|a Ostrava :
|b VŠB-Technická univerzita,
|c 1998
|
| 300 |
|
|
|a 103 s. ;
|c 30 cm
|
| 521 |
8 |
|
|a Určeno pro posluchače bakalářského studia HGF, FSE a FMMI
|
| 500 |
|
|
|a Dostupné též v digitální podobě v aplikaci Kramerius
|
| 653 |
0 |
|
|a matematika
|
| 700 |
1 |
|
|a Bělohlávková, Jana,
|d 1971-
|7 mzk2004219471
|4 aut
|
| 710 |
2 |
|
|a Vysoká škola báňská - Technická univerzita Ostrava.
|b Institut matematiky a deskriptivní geometrie
|7 kn20010709144
|
| 856 |
4 |
1 |
|u http://www.digitalniknihovna.cz/mzk/uuid/uuid:728f8680-3036-11ee-979d-005056827e51
|y Digitalizovaný dokument
|x NDK
|
| 910 |
|
|
|a BOA001
|b 4-1045.268
|b TK-A-0260.618,2
|
| 920 |
|
|
|a 000305922
|
| 964 |
|
|
|a Matematika
|x učebnice
|x školy vysoké
|
| 990 |
|
|
|a BK
|
| 996 |
7 |
|
|b 2610071124
|c 4-1045.268
|l MZK
|r Sklad / do 1 hodiny
|n 6
|p p.v.
|w 000317143
|u 000010
|a 1
|e BOA001
|j MZK50
|s A
|
| 996 |
7 |
|
|b 2620010643
|c TK-A-0260.618,2
|l MZK
|r Sklad / do 24 hodin
|n 15
|p kup
|w 000317143
|u 000020
|a 1
|e BOA001
|j MZK50
|s A
|